| 000 | 00817nam a22002177a 4500 | ||
|---|---|---|---|
| 003 | BD-DhUL | ||
| 005 | 20160921200256.0 | ||
| 008 | 160126s2007 bg |||| |||| 001 0 ben | ||
| 020 | _a9843000006950 | ||
| 040 |
_aBD-DhUL _cBD-DhUL |
||
| 082 |
_a954.927 _bCHS |
||
| 100 | _aচৌধুরী, রব্বানী | ||
| 245 |
_aসিলেট-চিন্তার নৈবেদ্য / _cরব্বানী চৌধুরী |
||
| 260 |
_aশ্রীমঙ্গল : _bস্কানথর্প, _c২০০৭. |
||
| 300 |
_a৮৮ পৃ. : _c২১ সেমি. |
||
| 365 |
_aBDT _b100.00 |
||
| 650 | _aবাংলাদেশ(সিলেট)-ইতিহাস | ||
| 651 | 1 |
_aBangladesh (sylhet) _xHistory |
|
| 700 | _aদাস, শ্রীঅনঙ্গমোহন | ||
| 942 |
_2ddc _cBK |
||
| 999 |
_c105316 _d105316 |
||